Advertising and the Transformation of Screen Cultures (Record no. 91501)

MARC details
000 -LEADER
fixed length control field 01818nam a2200217Ii 4500
008 - FIXED-LENGTH DATA ELEMENTS--GENERAL INFORMATION
fixed length control field 221202s xx 000 0 und d
100 1# - MAIN ENTRY--PERSONAL NAME
Personal name Florin, Bo,
Relator term author
245 #0 - TITLE STATEMENT
Title Advertising and the Transformation of Screen Cultures
264 ## - PRODUCTION, PUBLICATION, DISTRIBUTION, MANUFACTURE, AND COPYRIGHT NOTICE
Name of producer, publisher, distributor, manufacturer Amsterdam University Press
Date of production, publication, distribution, manufacture, or copyright notice 2021
300 ## - PHYSICAL DESCRIPTION
Extent 1 online resource (141 pages)
336 ## - CONTENT TYPE
Content type term text
Content type code txt
Source rdacontent
337 ## - MEDIA TYPE
Media type term computer
Media type code c
Source rdamedia
338 ## - CARRIER TYPE
Carrier type term online resource
Carrier type code cr
Source rdacarrier
490 ## - SERIES STATEMENT
Series statement Film Culture in Transition
520 ## - SUMMARY, ETC.
Summary, etc. Advertising has played a central role in shaping the history of modern media. While often identified with American consumerism and the rise of the 'Information Society', motion picture advertising has been part of European visual culture since the late nineteenth century. With the global spread of ad agencies, moving image advertisements became a privileged cultural form to make people experience the qualities and uses of branded commodities, to articulate visions of a 'good life', and to incite social relationships. Abandoning a conventional delineation of fields by medium, country, or period, this book suggests a lateral view. It charts the audiovisual history of advertising by focussing on objects (products and services), screens (exhibition, programming, physical media), practices (production, marketing), and intermediaries (ad agencies). In this way, the book develops new historical, methodological, and theoretical perspectives.
653 ## - INDEX TERM--UNCONTROLLED
Uncontrolled term Screen Advertising, Sponsored Film, Non-Theatrical Film, Cinema Studies, Media Industry Studies
700 1# - ADDED ENTRY--PERSONAL NAME
Personal name Vonderau, Patrick
700 1# - ADDED ENTRY--PERSONAL NAME
Personal name Zimmermann, Yvonne
856 ## - ELECTRONIC LOCATION AND ACCESS
Uniform Resource Identifier <a href="https://docs.google.com/spreadsheets/d/1yKIrdCPDAG_9c22mwoOIO2DOhtj65Wqa/edit?usp=sharing&ouid=106555315294820607512&rtpof=true&sd=true ">https://docs.google.com/spreadsheets/d/1yKIrdCPDAG_9c22mwoOIO2DOhtj65Wqa/edit?usp=sharing&ouid=106555315294820607512&rtpof=true&sd=true </a>
Link text List of Curated E-Books
942 ## - ADDED ENTRY ELEMENTS (KOHA)
Koha item type E-Book

No items available.

University of Rizal System
Email us at univlibservices@urs.edu.ph

Visit our Website www.urs.edu.ph/library